Formal modeling for automated security analytics of the internet of things/ (Record no. 332383)

000 -LEADER
fixed length control field 00564nam a2200157 4500
082 ## - DEWEY DECIMAL CLASSIFICATION NUMBER
Classification number 200
100 ## - MAIN ENTRY--PERSONAL NAME
Personal name Mohsin Mujahid
245 ## - TITLE STATEMENT
Title Formal modeling for automated security analytics of the internet of things/
Statement of responsibility, etc. Mujahid Mohsin
260 ## - PUBLICATION, DISTRIBUTION, ETC.
Place of publication, distribution, etc. Islamabad
Name of publisher, distributor, etc. NUST-SEECS
Date of publication, distribution, etc. 2017
300 ## - PHYSICAL DESCRIPTION
Extent 208p.
Accompanying material CD Includes
Other physical details ill;
Dimensions 30,cm.
650 ## - SUBJECT ADDED ENTRY--TOPICAL TERM
Topical term or geographic name entry element PhD-Computer Science
700 ## - ADDED ENTRY--PERSONAL NAME
Personal name Supervisors: Dr. Hanif Durad,
856 ## - Uniform Resource Identifier
Uniform Resource Identifier <a href="http://10.250.8.41:8080/xmlui/handle/123456789/26336">http://10.250.8.41:8080/xmlui/handle/123456789/26336</a>
942 ## - ADDED ENTRY ELEMENTS (KOHA)
Source of classification or shelving scheme
Koha item type Soft Copy
650 ## - SUBJECT ADDED ENTRY--TOPICAL TERM
-- 123747
700 ## - ADDED ENTRY--PERSONAL NAME
-- 124760
Holdings
Withdrawn status Lost status Source of classification or shelving scheme Damaged status Not for loan Permanent Location Current Location Shelving location Date acquired Source of acquisition Full call number Barcode Date last seen Price effective from Koha item type
          Central Library (CL) Central Library (CL) Thesis 12/03/2017 NUST-SEECS 200 CLPT-68 12/03/2017 12/03/2017 Soft Copy
          Central Library (CL) Central Library (CL) Thesis 10/15/2019   200 CLPT-57 10/15/2019 10/15/2019 Soft Copy
© 2023 Central Library, National University of Sciences and Technology. All Rights Reserved.